UM Logo

Career Transitions : (Record no. 24349)

MARC details
000 -LEADER
fixed length control field 00828nam a22001937a 4500
003 - CONTROL NUMBER IDENTIFIER
control field OSt
005 - DATE AND TIME OF LATEST TRANSACTION
control field 20260218142243.0
008 - FIXED-LENGTH DATA ELEMENTS--GENERAL INFORMATION
fixed length control field 260218b |||||||| |||| 00| 0 eng d
040 ## - CATALOGING SOURCE
Transcribing agency 0
082 ## - DEWEY DECIMAL CLASSIFICATION NUMBER
Classification number DPer 796.07 J826 January-October 2023 v. 42 n. 1-4
100 ## - MAIN ENTRY--PERSONAL NAME
Personal name Patton, Kevin
Relator term author.
9 (RLIN) 69804
245 ## - TITLE STATEMENT
Title Career Transitions :
Remainder of title Decision-Making Dynamics Regarding Physical Education Teacher Education Doctoral Program Applications and Entry /
Statement of responsibility, etc. Kevin Patton and Melissa Parker.
260 ## - PUBLICATION, DISTRIBUTION, ETC. (IMPRINT)
Place of publication, distribution, etc. Champaign, IL ;
Name of publisher, distributor, etc. Human Kinetics, Inc. ,
Date of publication, distribution, etc. October 2023.
300 ## - PHYSICAL DESCRIPTION
Extent Volume 42, pages 589-599 :
Other physical details illustration ;
Dimensions 29 cm.
500 ## - GENERAL NOTE
General note Journal of Teaching in Physical Education, vol. 42 no. 4, pages 589-599, July 2023.
700 ## - ADDED ENTRY--PERSONAL NAME
Personal name Patton, Kevin
Relator term author.
9 (RLIN) 69804
700 ## - ADDED ENTRY--PERSONAL NAME
Personal name Parker, Melissa.
Relator term author.
9 (RLIN) 59935
942 ## - ADDED ENTRY ELEMENTS (KOHA)
Source of classification or shelving scheme Dewey Decimal Classification
Koha item type Periodicals
Holdings
Withdrawn status Lost status Source of classification or shelving scheme Damaged status Not for loan Collection code Home library Current library Date acquired Total Checkouts Full call number Date last seen Price effective from Koha item type Public note
    Dewey Decimal Classification     Periodicals UM Digos College - LIC UM Digos College - LIC 02/18/2026   DPer 796.07 J826 January-October 2023 v. 42 n. 1-4 02/18/2026   Periodicals Periodical Article